000 00815nam a2200217Ia 4500
001 15167
003 GE_BSU
008 181216s||||||||xx |||||||||||||| ||und||
040 _cGE_BSU
080 _a82-93
100 _aშამათავა, დავით
245 _aმეციხოვნის ვაჟი შავლეგ
245 _bმოთხრობები. საშ. ასაკის ბავშვთათვის
245 _cრედ: ნ.არჯევანიძე; მხატვ:ზ.გოგოლაძე
260 _aთბილისი.
260 _bნაკადული
260 _c1966
300 _a167გვ;17სმ.
653 _aმოთხრობები. საშ. ასაკის ბავშვთათვის
942 _cBK
999 _c48282
_d48282